00450 2200181 4500001002100000005001500021035002000036245003200056100001300088250000600101300003400107260004400141082001000185084001600195020001800211650002200229990001700251INLIS00000000000078720190227125710 a0010-02190000981 aBeternak Kerbau /cMujiyono0 aMujiyono a- ax, 46 hlm. :bilus. ;c21 cm. aJakarta :bPT Musi Perkasa Utama,c2005 a636.2 a636.2 MUJ b a979-651-099-5 aPeternakan Kerbau a02821/H/2018